[Event "MK Cafe Cup-B"]
[Site "Koszalin"]
[Date "1997.??.??"]
[Round "6"]
[White "Kopec, Mariusz"]
[Black "Kosiorek, Andrzej Jr"]
[Result "0-1"]
[WhiteElo "2205"]
[BlackElo "2020"]
[PlyCount "80"]
[EventDate "1997.??.??"]
[EventType "swiss"]
[EventRounds "10"]
[EventCountry "POL"]
[SourceTitle "EXT 2000"]
[Source "ChessBase"]
[SourceDate "1999.11.16"]
[SourceVersion "1"]
[SourceVersionDate "1999.11.16"]
[SourceQuality "1"]

1. c4 c5 2. Nc3 Nf6 3. e4 d6 4. f4 Nc6 5. Nf3 g6 6. d3 Bg7 7. Be2 0-0 8. 0-0 a6 9. h3 Rb8 10. a4 Ne8 11. g4 e6 12. f5 exf5 13. exf5 gxf5 14. g5 f6 15. g6 hxg6 16. Nh4 g5 17. Nxf5 Bxf5 18. Rxf5 Nd4 19. Bg4 Nc7 20. Nd5 Nxd5 21. cxd5 Qe7 22. Bd2 Rbe8 23. Qf1 Nxf5 24. Qxf5 Qe5 25. Rf1 Qg3+ 26. Kh1 Re5 27. Qd7 f5 28. Bf3 Qxh3+ 29. Kg1 g4 30. Bg2 Qxd3 31. Bc3 Qe3+ 32. Kh1 Qh6+ 33. Kg1 g3 34. Rf3 Qh4 35. Qxd6 Rfe8 36. Bxe5 Rxe5 37. Kf1 Qc4+ 38. Kg1 Qd4+ 39. Kh1 Re1+ 40. Rf1 Qb4 0-1

[Event "MK Cafe Cup-B"]
[Site "Koszalin"]
[Date "1997.??.??"]
[Round "4"]
[White "Madynski, Pawel"]
[Black "Kosiorek, Andrzej Jr"]
[Result "1-0"]
[WhiteElo "2145"]
[BlackElo "2020"]
[PlyCount "83"]
[EventDate "1997.??.??"]
[EventType "swiss"]
[EventRounds "10"]
[EventCountry "POL"]
[SourceTitle "EXT 2000"]
[Source "ChessBase"]
[SourceDate "1999.11.16"]
[SourceVersion "1"]
[SourceVersionDate "1999.11.16"]
[SourceQuality "1"]

1. e4 c5 2. Nf3 Nc6 3. d4 cxd4 4. Nxd4 g6 5. Be3 Nf6 6. Nc3 Bg7 7. Bc4 0-0 8. Bb3 a5 9. a4 Ng4 10. Nxc6 Nxe3 11. Nxd8 Nxd1 12. Nxd1 Rxd8 13. c3 e6 14. Ne3 Kf8 15. 0-0-0 f5 16. Bxe6 fxe4 17. Bd5 Re8 18. Nc4 Bh6+ 19. Kc2 Ra6 20. Rde1 d6 21. b3 Ra7 22. Nxd6 Rd8 23. Nxc8 Rxc8 24. Rxe4 b6 25. Rd1 Rac7 26. Rd3 Bg5 27. Re6 Rb8 28. Bc4 Kg7 29. g3 Be7 30. Rd5 Bc5 31. f4 Bg1 32. h4 Rf8 33. h5 Bf2 34. Rg5 Rc5 35. hxg6 Rxg5 36. fxg5 hxg6 37. Bd3 Rf3 38. Rxg6+ Kh8 39. g4 Rg3 40. Bf5 Bc5 41. Rh6+ Kg8 42. Rc6 1-0

[Event "POL-chT2 U18"]
[Site "Augustow"]
[Date "1996.??.??"]
[Round "?"]
[White "Kosiorek, Andrzej Jr"]
[Black "Jedynak, Radoslaw"]
[Result "1/2-1/2"]
[WhiteElo "2000"]
[BlackElo "2140"]
[PlyCount "99"]
[EventDate "1996.??.??"]
[EventType "team"]
[EventRounds "10"]
[EventCountry "POL"]
[SourceTitle "EXT 2003"]
[Source "ChessBase"]
[SourceDate "2002.11.25"]
[SourceVersion "1"]
[SourceVersionDate "2002.11.25"]
[SourceQuality "1"]

1. e4 e6 2. d3 d5 3. Nd2 Nf6 4. Ngf3 Be7 5. g3 c5 6. Bg2 Nc6 7. 0-0 0-0 8. e5 Nd7 9. Re1 f6 10. exf6 Bxf6 11. Nf1 Nb6 12. h4 e5 13. a4 Bf5 14. Ne3 Be6 15. Nf1 Kh8 16. Bg5 Qd6 17. c3 Rae8 18. Qd2 d4 19. cxd4 cxd4 20. Rec1 Bd5 21. Bxf6 gxf6 22. Re1 Qb4 23. Rec1 Qxd2 24. N1xd2 Nb4 25. a5 Nxd3 26. axb6 Nxc1 27. Rxc1 axb6 28. Bh3 Ra8 29. Bf5 Bc6 30. b4 b5 31. g4 Ra3 32. Kg2 h5 33. gxh5 Rg8+ 34. Bg6 Be8 35. Rc8 Bxg6 36. Rxg8+ Kxg8 37. hxg6 Kg7 38. h5 Kh6 39. Ne4 f5 40. Nf6 d3 41. Nh4 d2 42. Nxf5+ Kg5 43. g7 Ra8 44. Ne4+ Kxf5 45. Nxd2 Rg8 46. h6 Kg6 47. Kf3 Kxh6 48. Ke4 Rxg7 49. Kxe5 Rg1 50. Ne4 1/2-1/2

[Event "POL-chT2 U18"]
[Site "Augustow"]
[Date "1996.??.??"]
[Round "?"]
[White "Kosiorek, Andrzej Jr"]
[Black "Stein, Marcin"]
[Result "0-1"]
[WhiteElo "2000"]
[BlackElo "1800"]
[PlyCount "92"]
[EventDate "1996.??.??"]
[EventType "team"]
[EventRounds "10"]
[EventCountry "POL"]
[SourceTitle "EXT 2003"]
[Source "ChessBase"]
[SourceDate "2002.11.25"]
[SourceVersion "1"]
[SourceVersionDate "2002.11.25"]
[SourceQuality "1"]

1. e4 c5 2. Nf3 g6 3. d4 cxd4 4. Nxd4 Bg7 5. c4 Nc6 6. Be3 d6 7. Nc3 Nf6 8. Be2 Bd7 9. 0-0 0-0 10. h3 Rc8 11. Rb1 a6 12. Qd2 Qc7 13. Rfc1 Nxd4 14. Bxd4 Bc6 15. Qe3 Nd7 16. Bxg7 Kxg7 17. b4 Nf6 18. f4 e5 19. f5 Qe7 20. g4 Ne8 21. b5 axb5 22. cxb5 Bd7 23. Nd5 Qd8 24. Rxc8 Bxc8 25. Rc1 Nf6 26. g5 Nxd5 27. exd5 Bxf5 28. b6 Qa8 29. Rc7 Rb8 30. Qb3 Qa5 31. Rc3 Rc8 32. Bc4 Be4 33. Qb2 Bxd5 34. Bxd5 Rxc3 35. Qf2 Qc5 36. Qxc5 Rxc5 37. Bxb7 Rb5 38. Bc6 Rxb6 39. Bd5 f6 40. gxf6+ Kxf6 41. Kf2 Kf5 42. Kf3 Rb5 43. Be4+ Ke6 44. h4 d5 45. Bc2 Rc5 46. Bb3 Kf5 0-1